[Event "XXVIII C.to Italiano a squadre"]
[Site "ITA"]
[Date "1996.??.??"]
[Round "?"]
[White "Pangrazzi, Marco"]
[Black "Piantoni, Roberto"]
[WhiteElo "2250"]
[BlackElo "2170"]
[Result "1/2-1/2"]
[PlyCount "110"]
[EventDate "1996.02.25"]

1. e4 e6 2. d4 d5 3. Nc3 Bb4 4. e5 c5 5. Qg4 Ne7 6. Nf3 Nbc6 7. Bb5 Bd7 8. O-O
Nxd4 9. Nxd4 cxd4 10. Bg5 Bxc3 11. Bxd7+ Qxd7 12. bxc3 dxc3 13. Rfe1 Rc8 14.
Bxe7 Qxe7 15. Qxg7 Kd7 16. Qg3 Rhg8 17. Qd3 Rg6 18. Rab1 Kd8 19. Rb3 Rc7 20. g3
Qc5 21. Re3 Qa5 22. a3 h5 23. Rf3 h4 24. Rxf7 Rxg3+ 25. hxg3 Rxf7 26. Qg6 Qc7
27. Qxe6 hxg3 28. Qxd5+ Qd7 29. Qxd7+ Rxd7 30. Rxc3 gxf2+ 31. Kxf2 Ke7 32. Ke3
Ke6 33. Rc5 b6 34. Rb5 Rc7 35. Kd3 Rc6 36. c4 a6 37. Rd5 b5 38. cxb5 axb5 39.
Rxb5 Ra6 40. Rb3 Kxe5 41. Kc4 Kd6 42. Kb5 Ra8 43. Rc3 Kd7 44. a4 Rb8+ 45. Ka6
Ra8+ 46. Kb5 Rb8+ 47. Ka5 Ra8+ 48. Kb4 Rb8+ 49. Ka3 Rc8 50. Rb3 Kc7 51. a5 Rb8
52. Rc3+ Kb7 53. Ka4 Ka6 54. Rc6+ Ka7 55. a6 Rb6 1/2-1/2

[Event "XXVIII C.to Italiano a squadre"]
[Site "ITA"]
[Date "1996.??.??"]
[Round "?"]
[White "Patelli, Alessandro"]
[Black "Albano, Marco"]
[WhiteElo "2240"]
[BlackElo "2230"]
[Result "1-0"]
[PlyCount "79"]
[EventDate "1996.02.25"]

1. d4 Nf6 2. Nf3 g6 3. c4 Bg7 4. Nc3 c5 5. e3 O-O 6. Be2 cxd4 7. exd4 d5 8. O-O
Nc6 9. Re1 Bg4 10. cxd5 Nxd5 11. h3 Bxf3 12. Bxf3 Nb6 13. d5 Nd4 14. Bg5 Re8
15. Be4 Nc4 16. Rb1 Rc8 17. Be3 e5 18. dxe6 Nxe6 19. Bxb7 Nxb2 20. Qxd8 Rcxd8
21. Nd5 Nd3 22. Red1 Nb2 23. Rdc1 Nd3 24. Rc4 a6 25. Nc7 Nxc7 26. Rxc7 a5 27.
Ba6 Ne5 28. Rc5 Rd6 29. Bb7 Red8 30. g3 a4 31. Bf4 Rd1+ 32. Rxd1 Rxd1+ 33. Kg2
Nd7 34. Ra5 h6 35. Rxa4 Nc5 36. Ra8+ Kh7 37. Bf3 Ra1 38. Bd5 g5 39. Be3 Ne6 40.
Be4+ 1-0

[Event "XXVIII C.to Italiano a squadre"]
[Site "ITA"]
[Date "1996.??.??"]
[Round "?"]
[White "Petrillo, Agostino"]
[Black "Rivello, Roberto"]
[WhiteElo "2020"]
[BlackElo "2280"]
[Result "1/2-1/2"]
[PlyCount "83"]
[EventDate "1996.02.25"]

1. e4 c5 2. Nf3 d6 3. d4 cxd4 4. Nxd4 Nf6 5. Nc3 e6 6. Be3 Be7 7. Bd3 Nc6 8.
Nb3 O-O 9. f4 a6 10. Qf3 Bd7 11. O-O b5 12. a3 Qc7 13. Rae1 b4 14. axb4 Nxb4
15. Rf2 e5 16. f5 Bc6 17. g4 d5 18. g5 Nxd3 19. cxd3 d4 20. Bc1 dxc3 21. gxf6
Bxf6 22. bxc3 Bh4 23. Be3 f6 24. Nc5 Bd7 25. Rb1 Bxf2+ 26. Kxf2 Bc8 27. Qg3 Rb8
28. Rg1 Rf7 29. Kf3 Rb5 30. Qf2 Qc6 31. Kg3 g5 32. h4 h6 33. hxg5 hxg5 34. Rh1
Rh7 35. Qa2+ Kg7 36. Rxh7+ Kxh7 37. Qf7+ Kh8 38. Qf8+ Kh7 39. Qf7+ Kh8 40. Qf8+
Kh7 41. Qe7+ Kg8 42. Bxg5 1/2-1/2

[Event "XXVIII C.to Italiano a squadre"]
[Site "ITA"]
[Date "1996.??.??"]
[Round "?"]
[White "Racioppo, Paolo"]
[Black "Romano, Edgar"]
[WhiteElo "2225"]
[BlackElo "2095"]
[Result "1/2-1/2"]
[PlyCount "114"]
[EventDate "1996.02.25"]

1. e4 e5 2. Bc4 Nf6 3. Qe2 Nc6 4. Nf3 Be7 5. c3 O-O 6. d3 d6 7. Nbd2 Be6 8. Bb5
Bd7 9. Nf1 Re8 10. Ng3 Bf8 11. h3 g6 12. h4 Bg7 13. h5 d5 14. hxg6 hxg6 15. Bg5
a6 16. Ba4 b5 17. Bb3 Be6 18. Rd1 d4 19. Bxe6 Rxe6 20. cxd4 Nxd4 21. Nxd4 Qxd4
22. O-O c5 23. Be3 Qd6 24. f4 exf4 25. Bxf4 Qd7 26. Be3 Rc6 27. Rf3 Ng4 28. Nf1
Rd8 29. Rg3 Nxe3 30. Nxe3 Bd4 31. Kh1 Bxe3 32. Qxe3 Kg7 33. Rh3 Rh8 34. Rxh8
Kxh8 35. Qh6+ Kg8 36. Qe3 Qd4 37. Qxd4 cxd4 38. Rd2 f6 39. Kg1 Kf7 40. Kf2 Ke6
41. Kf3 Ke5 42. g3 Rc1 43. Ke2 Rh1 44. Kf3 Ra1 45. b3 Re1 46. Kf2 Rc1 47. Ke2
Kd6 48. Rb2 Rh1 49. Kf3 Rd1 50. Ke2 Rc1 51. Kf3 Rd1 52. Ke2 Rc1 53. b4 Ke5 54.
Kf3 Re1 55. Kf2 Re3 56. Rd2 f5 57. exf5 Kxf5 1/2-1/2

[Event "XXVIII C.to Italiano a squadre"]
[Site "ITA"]
[Date "1996.??.??"]
[Round "?"]
[White "Rago, Riccardo"]
[Black "Beggi, Pierluigi"]
[WhiteElo "2230"]
[BlackElo "2220"]
[Result "1/2-1/2"]
[PlyCount "35"]
[EventDate "1996.02.25"]

1. e4 c5 2. Nf3 Nc6 3. d4 cxd4 4. Nxd4 Nf6 5. Nc3 d6 6. Bc4 Qb6 7. Nb3 e6 8.
Be3 Qc7 9. O-O a6 10. a4 b6 11. f4 Be7 12. Kh1 O-O 13. Nd4 Nxd4 14. Qxd4 d5 15.
exd5 Bc5 16. Qe5 Bd6 17. Qd4 Bc5 18. Qe5 1/2-1/2

[Event "XXVIII C.to Italiano a squadre"]
[Site "ITA"]
[Date "1996.??.??"]
[Round "?"]
[White "Rago, Riccardo"]
[Black "Patelli, Alessandro"]
[WhiteElo "2230"]
[BlackElo "2240"]
[Result "0-1"]
[PlyCount "67"]
[EventDate "1996.02.25"]

1. e4 c5 2. Nf3 d6 3. d4 cxd4 4. Nxd4 Nf6 5. Nc3 Nc6 6. Be2 e5 7. Nb3 Be7 8.
O-O O-O 9. Kh1 a5 10. a4 Be6 11. f4 exf4 12. Bxf4 d5 13. e5 Ne4 14. Bd3 f5 15.
exf6 Bxf6 16. Qe2 Bxc3 17. bxc3 Bf5 18. c4 dxc4 19. Bxe4 Bxe4 20. Qxe4 cxb3 21.
cxb3 Qd4 22. Qe6+ Kh8 23. Be3 Qb2 24. Rxf8+ Rxf8 25. Re1 h6 26. h3 Qc3 27. Bb6
Qd3 28. Kh2 Qd2 29. Re4 Rf6 30. Qc8+ Kh7 31. Qxb7 Qd6+ 32. Kh1 h5 33. Bg1 Qd1
34. Qa7 0-1

[Event "XXVIII C.to Italiano a squadre"]
[Site "ITA"]
[Date "1996.??.??"]
[Round "?"]
[White "Rago, Riccardo"]
[Black "Salami, Marco"]
[WhiteElo "2230"]
[BlackElo "2245"]
[Result "1/2-1/2"]
[PlyCount "81"]
[EventDate "1996.02.25"]

1. e4 e6 2. d4 d5 3. Nd2 Nf6 4. e5 Nfd7 5. Bd3 c5 6. c3 Nc6 7. Ne2 cxd4 8. cxd4
f6 9. exf6 Nxf6 10. Nf3 Bd6 11. Bg5 O-O 12. O-O Qc7 13. Bh4 Nh5 14. Bg3 Nxg3
15. hxg3 g6 16. Rc1 Qg7 17. Bb5 Ne7 18. Qa4 Nf5 19. Nf4 Qf6 20. Rfe1 g5 21. Nh5
Qf7 22. Be8 Rxe8 23. Nf6+ Qxf6 24. Qxe8+ Qf8 25. Qh5 h6 26. Qg6+ Kh8 27. Ne5
Bxe5 28. Rxe5 Bd7 29. Rc7 Ne7 30. Qd3 Qd8 31. Rxb7 Qc8 32. Rxe6 Bxe6 33. Rxe7
Bf5 34. Qe2 Qb8 35. Qh5 Qd6 36. Qf7 Rg8 37. Rxa7 Bg6 38. Qe7 Qxe7 39. Rxe7 Bb1
40. a3 Rb8 41. b4 1/2-1/2

[Event "XXVIII C.to Italiano a squadre"]
[Site "ITA"]
[Date "1996.??.??"]
[Round "?"]
[White "Rago, Riccardo"]
[Black "Sebastianelli, Diego"]
[WhiteElo "2230"]
[BlackElo "2305"]
[Result "0-1"]
[PlyCount "82"]
[EventDate "1996.02.25"]

1. e4 c5 2. Nf3 e6 3. d3 d5 4. Nbd2 g6 5. g3 Bg7 6. Bg2 Ne7 7. O-O Nbc6 8. Re1
b6 9. h4 h6 10. e5 Qc7 11. Qe2 g5 12. hxg5 hxg5 13. Nxg5 Qxe5 14. Qxe5 Nxe5 15.
Ndf3 Nxf3+ 16. Bxf3 Ba6 17. Rb1 Bf6 18. Kg2 Rc8 19. Bf4 c4 20. dxc4 Bxc4 21. b3
Ba6 22. c4 Bxg5 23. Bxg5 dxc4 24. bxc4 Bxc4 25. Rb4 Bd5 26. Re3 Bxf3+ 27. Rxf3
Nd5 28. Ra4 a5 29. Rb3 Kd7 30. Rd4 Kc6 31. Bd2 f5 32. a4 e5 33. Rdd3 e4 34. Rd4
Rhf8 35. Rc4+ Kd6 36. Rxc8 Rxc8 37. Ra3 Rc2 38. Be1 Kc5 39. Kf1 Nb4 40. Ra1 Nd3
41. Ra3 Kc4 0-1

[Event "XXVIII C.to Italiano a squadre"]
[Site "ITA"]
[Date "1996.??.??"]
[Round "?"]
[White "Rigamonti, Stefano"]
[Black "Bednarich, Jan"]
[WhiteElo "1815"]
[BlackElo "2034"]
[Result "0-1"]
[PlyCount "66"]
[EventDate "1996.02.25"]

1. e4 c5 2. Nf3 e6 3. d4 cxd4 4. Nxd4 a6 5. Bd3 Qc7 6. Be3 Nf6 7. O-O Nc6 8.
Nc3 b5 9. f4 h5 10. h3 h4 11. e5 b4 12. exf6 bxc3 13. fxg7 Bxg7 14. Qg4 Bf6 15.
bxc3 Ne7 16. f5 Rg8 17. Qf3 Bb7 18. Be4 Rg3 19. Bxb7 Rxf3 20. Bxf3 Qxc3 21.
Bxa8 Qxe3+ 22. Kh1 Bxd4 23. Rae1 Qg3 24. Re4 Be5 25. Kg1 Nxf5 26. Rf3 Qh2+ 27.
Kf2 Bg3+ 28. Ke2 Qxg2+ 29. Kd1 Qxf3+ 30. Kd2 Bf4+ 31. Ke1 Qg3+ 32. Ke2 Qg2+ 33.
Kd1 Ne3+ 0-1

[Event "XXVIII C.to Italiano a squadre"]
[Site "ITA"]
[Date "1996.??.??"]
[Round "?"]
[White "Rivello, Roberto"]
[Black "Moncelli, Giorgio"]
[WhiteElo "2280"]
[BlackElo "2145"]
[Result "1-0"]
[PlyCount "160"]
[EventDate "1996.02.25"]

1. e4 e5 2. Nf3 Nc6 3. Bb5 a6 4. Ba4 Nf6 5. O-O Be7 6. Re1 b5 7. Bb3 d6 8. c3
O-O 9. d3 Na5 10. Bc2 c5 11. Nbd2 Bb7 12. Nf1 Re8 13. h3 h6 14. Ng3 Bf8 15. Nf5
d5 16. Qe2 c4 17. Nd2 cxd3 18. Bxd3 Nc4 19. Ng3 Nxd2 20. Qxd2 dxe4 21. Nxe4 Nh5
22. g3 f5 23. Be2 Nxg3 24. Nxg3 Qh4 25. Qd7 Bc5 26. Qxg7+ Kxg7 27. Nxf5+ Kh7
28. Nxh4 Rg8+ 29. Kf1 Raf8 30. Bd3+ e4 31. Be3 Be7 32. Bd4 Rf4 33. Ng2 Rxg2 34.
Kxg2 exd3+ 35. Kf1 Bh4 36. Rad1 Rf3 37. Re8 Rxh3 38. Ke1 Bc6 39. Rh8+ Kg6 40.
Kd2 Rf3 41. Be3 Bxf2 42. Rxh6+ Kf5 43. Rxc6 Rxe3 44. Rd6 Re2+ 45. Kxd3 Re6 46.
Rxe6 Kxe6 47. Rh1 Kd5 48. b4 Kc6 49. Ke4 Bg3 50. Rh6+ Kb7 51. Kd5 Be1 52. Kd4
Bf2+ 53. Kd3 Be1 54. Kc2 Bf2 55. Kb3 Be1 56. Re6 Bd2 57. Re2 Bf4 58. a4 Kc6 59.
Re6+ Bd6 60. Rg6 Kd5 61. Rg5+ Kc6 62. axb5+ axb5 63. Kc2 Be7 64. Rg6+ Kd5 65.
Rb6 Kc4 66. Rc6+ Kd5 67. Rc8 Bd6 68. Kd3 Be7 69. c4+ bxc4+ 70. Rxc4 Bd6 71. Kc3
Be5+ 72. Kb3 Bd6 73. Rc2 Bf4 74. Ka4 Bg3 75. Kb5 Kd6 76. Kb6 Bf4 77. Kb7 Be3
78. b5 Kd7 79. Rc3 Bg1 80. Rd3+ Ke7 1-0

[Event "XXVIII C.to Italiano a squadre"]
[Site "ITA"]
[Date "1996.??.??"]
[Round "?"]
[White "Rolfo, Alessandro"]
[Black "Nurkic, Sahbaz"]
[WhiteElo "1900"]
[BlackElo "2365"]
[Result "0-1"]
[PlyCount "56"]
[EventDate "1996.02.25"]

1. d3 d5 2. Nd2 e5 3. Ngf3 Nc6 4. e3 Nf6 5. Be2 e4 6. Nd4 Nxd4 7. exd4 Bd6 8.
dxe4 Nxe4 9. Nxe4 dxe4 10. Be3 O-O 11. Qd2 Be6 12. c3 Qe7 13. Bg5 f6 14. Bf4
Rad8 15. Bxd6 Qxd6 16. Qe3 f5 17. O-O f4 18. Qxe4 Bd5 19. Qd3 f3 20. Bxf3 Rxf3
21. gxf3 Qf4 22. Qe3 Qf7 23. Rfe1 Qg6+ 24. Kh1 Qg4 25. Qe6+ Qxe6 26. Rxe6 Bxe6
27. Re1 Kf7 28. a3 Bd5 0-1

[Event "XXVIII C.to Italiano a squadre"]
[Site "ITA"]
[Date "1996.??.??"]
[Round "?"]
[White "Romano, Edgar"]
[Black "Digiugno, Franco"]
[WhiteElo "2095"]
[BlackElo "2053"]
[Result "1-0"]
[PlyCount "131"]
[EventDate "1996.02.25"]

1. e4 e5 2. Nf3 Nc6 3. c3 Nf6 4. d4 d5 5. Bb5 Nxe4 6. Nxe5 Bd7 7. Qb3 Nxe5 8.
Qxd5 Nf3+ 9. gxf3 Nd6 10. Bg5 Be7 11. Bxd7+ Qxd7 12. Be3 c6 13. Qb3 Qf5 14. Nd2
O-O 15. O-O-O b5 16. Rhg1 Rfb8 17. Rg4 b4 18. c4 a5 19. Rdg1 g6 20. c5 a4 21.
Qc2 Qxc2+ 22. Kxc2 Nf5 23. Kd3 Rd8 24. Rc1 Ra5 25. Ke2 h5 26. Re4 Bf6 27. Nc4
Ra7 28. Ne5 Bxe5 29. dxe5 Ne7 30. Rxb4 Nd5 31. Rd4 Rb8 32. Rc2 Nb4 33. Rcd2 Nd5
34. a3 Rb5 35. Rc2 Raa5 36. Re4 Ra7 37. Bg5 Kf8 38. Bc1 Ke7 39. Rcc4 Rba5 40.
Bd2 R5a6 41. Rc1 Ke6 42. Kd3 Rb7 43. Bb4 Ra8 44. Rcc4 Rba7 45. Kc2 Rb7 46. Re1
Rab8 47. Ree4 Ra8 48. Bc3 Rba7 49. Re1 Rb7 50. f4 Rb3 51. Ree4 Rab8 52. Rxa4
Nxc3 53. bxc3 Rb2+ 54. Kd3 Rxf2 55. Ra6 Rc8 56. Rd4 Rxh2 57. Rd6+ Ke7 58. Ra7+
Ke8 59. Rdd7 Rd8 60. Rxd8+ Kxd8 61. Rxf7 Rg2 62. Rg7 h4 63. f5 Rg3+ 64. Kd4
gxf5 65. Rxg3 hxg3 66. Ke3 1-0

[Event "XXVIII C.to Italiano a squadre"]
[Site "ITA"]
[Date "1996.??.??"]
[Round "?"]
[White "Salami, Marco"]
[Black "Beggi, Pierluigi"]
[WhiteElo "2245"]
[BlackElo "2220"]
[Result "1-0"]
[PlyCount "69"]
[EventDate "1996.02.25"]

1. e4 c5 2. Nf3 Nc6 3. d3 g6 4. g3 Bg7 5. Bg2 e5 6. O-O Nge7 7. Nbd2 O-O 8. a4
d6 9. c3 Rb8 10. Nc4 b6 11. Re1 h6 12. Rb1 Be6 13. b4 cxb4 14. cxb4 b5 15. axb5
Rxb5 16. Qa4 Qb8 17. Bd2 Rd8 18. Na3 Rb6 19. b5 Nd4 20. Nxd4 exd4 21. Ba5 d5
22. Bxb6 axb6 23. Nc2 dxe4 24. Bxe4 Qd6 25. Nb4 Rf8 26. Rec1 f5 27. Bg2 f4 28.
Qa7 Rc8 29. Nc6 Rc7 30. Qxb6 Kh7 31. Qc5 Qxc5 32. Rxc5 fxg3 33. hxg3 Nc8 34. b6
Rb7 35. Nd8 1-0

[Event "XXVIII C.to Italiano a squadre"]
[Site "ITA"]
[Date "1996.??.??"]
[Round "?"]
[White "Sanchirico, Alessio"]
[Black "Fico, Massimiliano"]
[WhiteElo "2040"]
[BlackElo "2315"]
[Result "1/2-1/2"]
[PlyCount "63"]
[EventDate "1996.02.25"]

1. d4 d5 2. Nf3 Nc6 3. c4 Bg4 4. cxd5 Bxf3 5. gxf3 Qxd5 6. e3 e6 7. Nc3 Qh5 8.
Bb5 Nge7 9. Qe2 a6 10. f4 Qh3 11. Bd3 Nd5 12. Nxd5 exd5 13. Qf1 Qe6 14. a3 Nxd4
15. b4 Nb3 16. Rb1 Nxc1 17. Rxc1 c6 18. Qg2 f5 19. h4 g6 20. h5 Bg7 21. hxg6
hxg6 22. Rg1 Rh6 23. Qg5 Kf7 24. a4 Rah8 25. b5 axb5 26. axb5 Rh5 27. Qg3 Rh3
28. Qg2 Rh2 29. Qg5 R8h5 30. Qd8 R5h3 31. Qb6 Rh1 32. Qxb7+ 1/2-1/2

[Event "XXVIII C.to Italiano a squadre"]
[Site "ITA"]
[Date "1996.??.??"]
[Round "?"]
[White "Sarno, Spartaco"]
[Black "Lampic, Teo"]
[WhiteElo "2415"]
[BlackElo "2275"]
[Result "1-0"]
[PlyCount "72"]
[EventDate "1996.02.25"]

1. c4 c6 2. Nf3 d5 3. b3 Nf6 4. g3 g6 5. Bg2 Bg7 6. Bb2 O-O 7. O-O dxc4 8. bxc4
Qa5 9. d3 Qh5 10. Qb3 Na6 11. Nbd2 Nc5 12. Qa3 Re8 13. Rab1 Bf8 14. Bd4 Ncd7
15. Qb2 e5 16. Bc3 Bd6 17. Nb3 Re7 18. Rfe1 Ne8 19. Qd2 f6 20. Bb4 Bxb4 21.
Qxb4 Kf7 22. Nfd2 f5 23. c5 Ndf6 24. Nc4 Kg7 25. Nd6 Nc7 26. Nd2 Ncd5 27. Qb2
f4 28. d4 Ng4 29. Nf1 fxg3 30. hxg3 Bf5 31. e4 Be6 32. exd5 Bxd5 33. dxe5 Rf8
34. f4 g5 35. Bxd5 cxd5 36. f5 Nh6 1-0

[Event "XXVIII C.to Italiano a squadre"]
[Site "ITA"]
[Date "1996.??.??"]
[Round "?"]
[White "Scerbo, Antonio"]
[Black "Agnello, Giuseppe"]
[WhiteElo "2135"]
[BlackElo "2175"]
[Result "1-0"]
[PlyCount "71"]
[EventDate "1996.02.25"]

1. d4 Nf6 2. c4 g6 3. Nc3 Bg7 4. e4 d6 5. Be2 O-O 6. Nf3 e5 7. O-O Nc6 8. d5
Ne7 9. Ne1 Nd7 10. Be3 f5 11. f3 f4 12. Bf2 g5 13. Nb5 a6 14. Na7 Nf6 15. Nxc8
Rxc8 16. Qc2 Qd7 17. h3 h5 18. Rc1 g4 19. hxg4 hxg4 20. fxg4 Nxg4 21. c5 Nxf2
22. Rxf2 c6 23. Qd1 Rcd8 24. Bg4 Qc7 25. Be6+ Kh7 26. Qh5+ Bh6 27. Nf3 cxd5 28.
exd5 dxc5 29. Nxe5 Rf6 30. Nf7 Rg8 31. Nxh6 Rxh6 32. Bxg8+ Nxg8 33. Qf5+ Kh8
34. Qxf4 Qh7 35. Qe5+ Nf6 36. Rxf6 1-0

[Event "XXVIII C.to Italiano a squadre"]
[Site "ITA"]
[Date "1996.??.??"]
[Round "?"]
[White "Scerbo, Antonio"]
[Black "Collutiis, Duilio"]
[WhiteElo "2135"]
[BlackElo "2185"]
[Result "1-0"]
[PlyCount "77"]
[EventDate "1996.02.25"]

1. d4 Nf6 2. c4 g6 3. Nc3 Bg7 4. e4 d6 5. Be2 O-O 6. Nf3 e5 7. O-O Nc6 8. d5
Ne7 9. Ne1 Nd7 10. Be3 f5 11. f3 f4 12. Bf2 g5 13. Nb5 b6 14. a4 a6 15. Nc3 a5
16. Nd3 Nc5 17. b4 Nb7 18. c5 axb4 19. cxd6 bxc3 20. dxe7 Qxe7 21. Qb3 Qd6 22.
Qxc3 h5 23. Rfc1 Rf7 24. h3 Na5 25. Nb4 Bf6 26. Nc6 Bb7 27. Nxa5 Rxa5 28. Qb3
Be7 29. Be1 Rc5 30. a5 Rxc1 31. Rxc1 Qa3 32. Qxa3 Bxa3 33. Rb1 Bc5+ 34. Bf2
Bxf2+ 35. Kxf2 Rf6 36. a6 Ba8 37. Rc1 c5 38. dxc6 Bxc6 39. a7 1-0

[Event "XXVIII C.to Italiano a squadre"]
[Site "ITA"]
[Date "1996.??.??"]
[Round "?"]
[White "Sebastianelli, Diego"]
[Black "Wagman, Stuart"]
[WhiteElo "2305"]
[BlackElo "2220"]
[Result "1/2-1/2"]
[PlyCount "60"]
[EventDate "1996.02.25"]

1. e4 e5 2. Nf3 Nc6 3. Bb5 a6 4. Bxc6 dxc6 5. O-O f6 6. d4 exd4 7. Nxd4 c5 8.
Nb3 Qxd1 9. Rxd1 Bg4 10. f3 Be6 11. Be3 b6 12. Nc3 Kf7 13. Bf4 Rc8 14. Nd5 c4
15. Nd2 Bxd5 16. exd5 Bd6 17. Bxd6 cxd6 18. b3 cxb3 19. axb3 Rxc2 20. Rxa6 Ne7
21. Ra7 Rhc8 22. Nc4 Kf8 23. Nxb6 Rc1 24. Ra1 Rxa1 25. Rxa1 Rc3 26. b4 Rb3 27.
Ra8+ Kf7 28. Ra7 Kf8 29. Rb7 Rd3 30. Rd7 Nxd5 1/2-1/2

[Event "XXVIII C.to Italiano a squadre"]
[Site "ITA"]
[Date "1996.??.??"]
[Round "?"]
[White "Sedina, Elena"]
[Black "Satta, Vladimiro"]
[WhiteElo "2325"]
[BlackElo "2290"]
[Result "1-0"]
[PlyCount "85"]
[EventDate "1996.02.25"]

1. e4 d6 2. d4 Nf6 3. Bd3 e5 4. c3 g6 5. Nf3 Nbd7 6. O-O Bg7 7. h3 O-O 8. Re1
c6 9. Bc2 Qc7 10. Be3 Re8 11. Nbd2 d5 12. Nxe5 Nxe5 13. dxe5 Nxe4 14. Bxe4 dxe4
15. Nxe4 Bxe5 16. Bf4 Kg7 17. Nd6 Bxd6 18. Qd4+ f6 19. Rxe8 Bxf4 20. Rae1 Be5
21. Qc5 Kh6 22. Qf8+ Qg7 23. Qxg7+ Kxg7 24. Rd1 Bg4 25. Rxa8 Bxd1 26. Rxa7 Bc2
27. Rxb7+ Kg8 28. f3 Bd6 29. Kf2 Bd3 30. Rd7 Bc5+ 31. Ke1 Bc4 32. b3 Bf7 33.
Rc7 Be8 34. a4 Bd6 35. Rb7 Be5 36. Kd2 c5 37. a5 Bc6 38. Rb6 Bd5 39. c4 Ba8 40.
a6 Bc7 41. Rb5 Bd6 42. a7 Kf7 43. Rb8 1-0

[Event "XXVIII C.to Italiano a squadre"]
[Site "ITA"]
[Date "1996.??.??"]
[Round "?"]
[White "Silvetti, Antonio"]
[Black "Verrascina, Roberto"]
[WhiteElo "1815"]
[BlackElo "2225"]
[Result "1/2-1/2"]
[PlyCount "103"]
[EventDate "1996.02.25"]

1. e4 Nc6 2. d4 e5 3. d5 Nce7 4. Nf3 Ng6 5. Nc3 Nf6 6. Bg5 Bc5 7. Qd2 d6 8.
O-O-O h6 9. Bb5+ Bd7 10. Bxd7+ Qxd7 11. Bxf6 gxf6 12. g3 b5 13. Ne1 b4 14. Nb1
Rb8 15. Nd3 Qb5 16. Nxc5 Qxc5 17. Qe3 Qxe3+ 18. fxe3 Nf8 19. Rhf1 Nd7 20. Nd2
Ke7 21. Nb3 Rb5 22. Rf5 Rg8 23. Rdf1 Rg5 24. Kd2 a5 25. Kd3 a4 26. Kc4 Rb6 27.
Na5 Rg4 28. Nc6+ Kf8 29. Kd3 Nc5+ 30. Ke2 Nxe4 31. Kf3 h5 32. Rxh5 Rg5 33. Rxg5
Nxg5+ 34. Kg4 Kg7 35. Kf5 b3 36. cxb3 axb3 37. a3 Rb5 38. h4 Nh7 39. a4 Rxd5
40. a5 Nf8 41. a6 Nd7 42. a7 Nb6 43. Ra1 Na8 44. h5 Rd2 45. h6+ Kxh6 46. Kxf6
Rf2+ 47. Ke7 Rxb2 48. Kxf7 Ra2 49. Rb1 b2 50. Kf6 Kh5 51. Kf5 Kh6 52. Kf6
1/2-1/2

[Event "XXVIII C.to Italiano a squadre"]
[Site "ITA"]
[Date "1996.??.??"]
[Round "?"]
[White "Spinelli, Doriano"]
[Black "Cangiotti, Claudio"]
[WhiteElo "2170"]
[BlackElo "2220"]
[Result "0-1"]
[PlyCount "126"]
[EventDate "1996.02.25"]

1. e4 c5 2. d4 cxd4 3. c3 dxc3 4. Nxc3 Nc6 5. Nf3 d6 6. Bc4 e6 7. O-O Nf6 8.
Qe2 Be7 9. Rd1 e5 10. b4 Bg4 11. Be3 O-O 12. Rac1 Nxb4 13. h3 Bxf3 14. Qxf3 Rc8
15. Bb3 Qa5 16. Bd2 Qa6 17. g4 Nd7 18. Nd5 Nxd5 19. Rxc8 Rxc8 20. Bxd5 Rf8 21.
g5 Nc5 22. Be3 b6 23. Bxc5 dxc5 24. h4 Qc8 25. Qg3 g6 26. Rd3 Qc7 27. h5 Kh8
28. Rf3 gxh5 29. Rf5 c4 30. Bxc4 Qxc4 31. Qxe5+ Kg8 32. Qxe7 Qxa2 33. Rf6 Qa4
34. Rd6 Qe8 35. Qb7 Qe5 36. Qd5 Qxd5 37. exd5 Rb8 38. Rd7 a5 39. d6 Kf8 40. Kg2
a4 41. Ra7 b5 42. Kg3 b4 43. Rxa4 b3 44. Ra1 b2 45. Rb1 Rb4 46. f4 Ke8 47. Kh4
Kd7 48. Kxh5 Kxd6 49. Kh6 Ke6 50. Kxh7 Kf5 51. Kh6 Kxf4 52. Rf1+ Kg4 53. Rg1+
Kf5 54. Rf1+ Ke6 55. Re1+ Kd7 56. Rb1 Ke6 57. Re1+ Kd5 58. Rb1 Ke4 59. Kg7 Kf5
60. Kxf7 Kxg5 61. Ke6 Kf4 62. Kd5 Ke3 63. Kc5 Rb8 0-1

[Event "XXVIII C.to Italiano a squadre"]
[Site "ITA"]
[Date "1996.??.??"]
[Round "?"]
[White "Spinelli, Doriano"]
[Black "Marcoli, Paolo"]
[WhiteElo "2170"]
[BlackElo "1984"]
[Result "1/2-1/2"]
[PlyCount "92"]
[EventDate "1996.02.25"]

1. e4 c5 2. d3 e6 3. g3 Nc6 4. Nf3 d5 5. Qe2 dxe4 6. dxe4 e5 7. c3 Be7 8. Bg2
Nf6 9. O-O O-O 10. Rd1 Qc7 11. Na3 Bg4 12. h3 Bh5 13. Bg5 Rad8 14. Nc4 Nd7 15.
Bxe7 Nxe7 16. Ne3 f6 17. g4 Bf7 18. Nh4 c4 19. Nd5 Nxd5 20. exd5 b5 21. Nf5 Nc5
22. d6 Qb6 23. Qe3 Be6 24. Bd5 g6 25. Ne7+ Kg7 26. Bxe6 Nxe6 27. a4 Rxd6 28.
axb5 Rxd1+ 29. Rxd1 Qxb5 30. Qxa7 Rf7 31. Rd7 Qxb2 32. Nf5+ gxf5 33. Rxf7+ Kg6
34. gxf5+ Kxf5 35. Qd7 Qc1+ 36. Kg2 Qg5+ 37. Kf3 Qh5+ 38. Ke3 Qxh3+ 39. Kd2 Qf3
40. Re7 Qxf2+ 41. Kc1 Qe3+ 42. Kb2 Qb6+ 43. Kc1 h5 44. Re8 Qe3+ 45. Kb2 Qb6+
46. Kc1 Qe3+ 1/2-1/2

[Event "XXVIII C.to Italiano a squadre"]
[Site "ITA"]
[Date "1996.??.??"]
[Round "?"]
[White "Stornelli, Aldo"]
[Black "Gorelli Fagiolini, Marco"]
[WhiteElo "1740"]
[BlackElo "2180"]
[Result "1-0"]
[PlyCount "59"]
[EventDate "1996.02.25"]

1. d4 Nf6 2. Nf3 g6 3. Bf4 Bg7 4. e3 O-O 5. h3 d5 6. Nbd2 c5 7. c3 b6 8. a4 Nc6
9. Be2 Bb7 10. Ne5 Rc8 11. O-O Nd7 12. Ndf3 c4 13. Qc2 Na5 14. Nxd7 Qxd7 15.
Ne5 Qe8 16. Bg4 e6 17. Bf3 f6 18. Ng4 Nb3 19. Rae1 e5 20. dxe5 fxe5 21. Bh6
Bxh6 22. Nxh6+ Kg7 23. Ng4 e4 24. Bd1 Bc6 25. Qe2 Nc5 26. Qd2 Nd3 27. Bc2 Nxe1
28. Rxe1 Rd8 29. Qd4+ Kg8 30. Nh6# 1-0

[Event "XXVIII C.to Italiano a squadre"]
[Site "ITA"]
[Date "1996.??.??"]
[Round "?"]
[White "Stornelli, Aldo"]
[Black "Tonghini, Rosolino"]
[WhiteElo "1740"]
[BlackElo "1905"]
[Result "1/2-1/2"]
[PlyCount "29"]
[EventDate "1996.02.25"]

1. d4 d5 2. Nf3 Nf6 3. Bf4 c6 4. c3 Bf5 5. Nbd2 Nh5 6. Bg3 Nxg3 7. hxg3 Qb6 8.
Qb3 h6 9. Ne5 Nd7 10. Ndf3 Qxb3 11. axb3 Nxe5 12. Nxe5 e6 13. e3 Bd6 14. Nd3
Bxd3 15. Bxd3 1/2-1/2

[Event "XXVIII C.to Italiano a squadre"]
[Site "ITA"]
[Date "1996.??.??"]
[Round "?"]
[White "Sturma, Mauro"]
[Black "Marin, Stefano"]
[WhiteElo "1978"]
[BlackElo "1780"]
[Result "0-1"]
[PlyCount "87"]
[EventDate "1996.02.25"]

1. e4 e6 2. d4 d5 3. Nc3 Bb4 4. e5 Qd7 5. Bd2 b6 6. Bd3 Ba6 7. Qe2 Bxd3 8. Qxd3
c5 9. Nge2 Ne7 10. O-O O-O 11. a3 Bxc3 12. Bxc3 Nbc6 13. f4 Qc7 14. Rf3 Rac8
15. Rh3 Ng6 16. Qf3 Rfd8 17. Rf1 Nce7 18. Qh5 Nf8 19. g4 cxd4 20. Nxd4 Neg6 21.
Bb4 a5 22. Bxf8 Nxf8 23. c3 b5 24. b4 axb4 25. axb4 Qb6 26. Kg2 Rxc3 27. Rxc3
Qxd4 28. Qh3 Ra8 29. Qe3 Qxb4 30. Rb3 Qa4 31. Rf3 d4 32. Qd3 Ng6 33. Kg3 Rb8
34. h4 Ne7 35. Ra3 Qb4 36. Ra1 Nd5 37. Rb1 Qc5 38. Rff1 Nc3 39. Rbc1 b4 40.
Rfd1 b3 41. Rd2 b2 42. Rb1 Nxb1 43. Qxb1 Qc3+ 44. Rd3 0-1

[Event "XXVIII C.to Italiano a squadre"]
[Site "ITA"]
[Date "1996.??.??"]
[Round "?"]
[White "Tagliagambe, Stefano"]
[Black "Errico, Mauro"]
[WhiteElo "1729"]
[BlackElo "1582"]
[Result "1-0"]
[PlyCount "85"]
[EventDate "1996.02.25"]

1. e4 c5 2. Nf3 e6 3. d4 cxd4 4. Nxd4 Nf6 5. Nc3 d6 6. Bc4 Be7 7. O-O a6 8. Bb3
Nc6 9. Be3 Bd7 10. Re1 O-O 11. f4 Re8 12. Kh1 Qc7 13. Nf3 Ng4 14. Bg1 Qa5 15.
Ng5 Nf6 16. Qd3 h6 17. Nf3 Red8 18. Rad1 Rac8 19. e5 dxe5 20. fxe5 Ng4 21. Qe4
h5 22. h3 Nh6 23. Qe3 Be8 24. Qb6 Bb4 25. Rxd8 Rxd8 26. Re4 Nf5 27. Rc4 Qxb6
28. Bxb6 Rd7 29. Ne4 Nfe7 30. c3 Ba5 31. Bg1 b5 32. Rc5 Bb6 33. Rxc6 Bxg1 34.
Rxa6 Be3 35. Nd6 Rd8 36. Nd4 Bxd4 37. cxd4 Nd5 38. Bxd5 exd5 39. Nxe8 Rxe8 40.
Rb6 Rc8 41. Rxb5 Rc1+ 42. Kh2 Kf8 43. Rxd5 1-0